000 00431nam a2200181Ia 4500
001 2572
005 20260306144817.0
008 260306t2013||||xx |||||||||||||| ||spa||
041 _aESP
082 _a616.89143
_bP43
100 _aPerls, Fritz
_eAUT
245 0 _aEl enfoque gestalt y testigos de terapia
260 _c2013
300 _a216 páginas :
_c24 cm.
650 _aGEN
654 _aCPS
942 _cLIB
_dJUS
_fJUS
_2ddc
_n
999 _c2572
_d2572